| 000 | 00482nam a2200205Ia 4500 | ||
|---|---|---|---|
| 008 | 210210b1939 xxu||||| |||| 00| 0 eng d | ||
| 041 | _aeng | ||
| 082 | _a383/184 | ||
| 100 | _aTONNE (Herbert A) | ||
| 245 | _aBusiness education: basic principles and trends | ||
| 260 |
_aNew York _b- _c1939 |
||
| 300 | _aviii,344 | ||
| 650 | _atrends | ||
| 650 | _aprinciples | ||
| 650 | _aeducation: | ||
| 650 | _aBusiness | ||
| 650 | _abasic | ||
| 690 | _aBusiness | ||
| 906 | _a005380 | ||
| 999 |
_c125326 _d125326 |
||